Osiedla Ursynowa - Statystyki

Ogólne statystyki
  • Ten quiz został rozwiązany 61 razy
  • Średni wynik to 7 z 14
Odpowiedzi na mapie
Odpowiedzi zakodowano w zielono-czerwonej skali na mapie do tego quizu, zgodnie z poniższymi procentami.
 
Statystyki odpowiedzi
Osiedla % Poprawnych
Kabaty
96%
Natolin
96%
Ursynów Północny
64%
Stary Imielin
56%
Pyry
51%
Grabów
44%
Wyczółki
42%
Jeziorki Północne
36%
Jeziorki Południowe
36%
Ursynów Centrum
36%
Stary Służew
33%
Dąbrówka
29%
Skarpa Powsińska
27%
Rezerwat Las Kabacki
11%
Nie znaleziono quizów pasujących do podanych kryteriów
Rozkład punktacji
Procent ludzi z każdym wynikiem
Percentyl według liczby udzielonych odpowiedzi
Twoja historia wyników
Nie rozwiązałeś tego quizu